vufinder Bibliothèque Municipale de Charleval de Provence
Se connecter
« Retourner aux résultats de recherche

Ange de Munich (L')

Book Cover
Auteur principal: Fabiano Massimi
D'autres auteurs: Laura Brignon Traducteur
Support: Livres
Langue: Francais
Publié: 2021 Albin Michel Paris
Genre: Roman Policier
Sujets:
Étiquettes: Ajouter
Pas de Tags !

LEADER 01732nam0a2200181 450
001 16836545
010 |a 978-2-226-44644-2  |b Br.  |d 21,9 € 
100 |a 20210318d2021 u u0frey01 ba 
101 1 |a fre  |c ita 
200 0 |a Ange de Munich (L')  |f Fabiano Massimi  |g trad. Laura Brignon 
207 1 |a   
210 |a Paris  |b 22 Rue Huyghens.  |c Albin Michel  |d 2021 
330 |a Munich, 1931. Angela Raubal, 23 ans, est retrouvée morte dans la chambre d'un appartement de Prinzregentenplatz. À côté de son corps inerte, un pistolet Walther. Tout indique un suicide et pousse à classer l'affaire. Sauf qu'Angela n'est pas n'importe qui. Son oncle et tuteur légal, avec lequel elle vivait, est le leader du parti national socialiste des travailleurs, Adolf Hitler. Les liens troubles entre lui et sa nièce font d'ailleurs l'objet de rumeurs dans les rangs des opposants comme des partisans de cet homme politique en pleine ascension. Détail troublant : l'arme qui a tué Angela appartient à Hitler. Entre pressions politiques, peur du scandale et secrets sulfureux, cet événement, si il éclatait au grand jour, pourrait mettre un terme à la carrière d'Hitler. Et faire du commissaire Sauer, chargé de l'enquête, un témoin très gênant. Dans une République de Weimar moribonde, secouée par les présages de la tragédie nazie, Fabiano Massimi déploie un roman fascinant, basé sur une histoire vraie et méconnue, mêlant documents d'archives et fiction avec le brio d'un Philip Kerr. 
700 0 |a Massimi  |b Fabiano  |4 70 
702 0 |a Brignon  |b Laura  |c Traducteur  |f 1986-....  |4 730 
900 |a Roman Policier 
901 |a Accessible au prêt 
995 |a Bibliothèque  |c Bibliothèque  |f 024021303  |h 024021303  |k RP MAS  |o p  |q a  |r az  |e Bibliothèque 

Options de recherche

Historique de recherche
Recherche avancée

Trouver plus

Nouveautés

Besoin d'aide ?

Contacter un bibliothécaire